Hymns and human life. (Record no. 618)

MARC details
000 -LEADER
fixed length control field 00646cam a22002531 4500
001 - CONTROL NUMBER
control field 7444809
003 - CONTROL NUMBER IDENTIFIER
control field GBCCL
005 - DATE AND TIME OF LATEST TRANSACTION
control field 20241126110342.0
008 - FIXED-LENGTH DATA ELEMENTS--GENERAL INFORMATION
fixed length control field 841017t19531952nyu 000 0 eng
010 ## -
-- 53009649
035 ## - SYSTEM CONTROL NUMBER
System control number (OCoLC)11277310
040 ## - CATALOGING SOURCE
Original cataloging agency DLC
Transcribing agency PPiPT
Modifying agency DLC
042 ## -
-- premarc
050 00 -
-- BV310
-- .R68 1953
082 ## - DEWEY DECIMAL CLASSIFICATION NUMBER
Classification number 264.23
Item number ROU
100 1# - MAIN ENTRY--PERSONAL NAME
Personal name Routley, Erik.
9 (RLIN) 11890
245 10 - TITLE STATEMENT
Title Hymns and human life.
250 ## - EDITION STATEMENT
Edition statement 2nd ed.
260 ## - PUBLICATION, DISTRIBUTION, ETC.
Place of publication, distribution, etc. Grand Rapids :
Name of publisher, distributor, etc. Eerdmans,
Date of publication, distribution, etc. 1959
300 ## - PHYSICAL DESCRIPTION
Extent 346 p.
Dimensions 22 cm.
650 #0 - SUBJECT ADDED ENTRY--TOPICAL TERM
Topical term or geographic name entry element Hymns, English
9 (RLIN) 6335
906 ## - LOCAL DATA ELEMENT F, LDF (RLIN)
a 7
b cbc
c oclcrpl
d u
e ncip
f 19
g y-gencatlg
942 ## - ADDED ENTRY ELEMENTS (KOHA)
Source of classification or shelving scheme Dewey Decimal Classification
Koha item type Books
Holdings
Withdrawn status Lost status Source of classification or shelving scheme Damaged status Not for loan Home library Current Library Shelving location Date acquired Total checkouts Full call number Barcode Date last seen Copy number Price effective from Koha item type
    Dewey Decimal Classification     GRACE BIBLE COLLEGE GRACE BIBLE COLLEGE Ministry & Mission 2016-11-24   264.23 ROU 000575 2025-05-01 c.1 2016-11-24 Books
© Grace Bible College Library 2025